| 000 | 00790cam a22002534a 4500 | ||
|---|---|---|---|
| 001 | 14396137 | ||
| 005 | 20180313095014.0 | ||
| 008 | 060531s2008 maua b 001 0 eng | ||
| 010 | _a 2006017239 | ||
| 020 | _a9780073128153 (alk. paper) | ||
| 020 | _a0073128155 (alk. paper) | ||
| 040 |
_aDLC _cDLC _dDLC |
||
| 041 | _aeng | ||
| 042 | _apcc | ||
| 080 | _a658.15/52 blo | ||
| 082 | 0 | 0 |
_a658.15/52 blo _222 |
| 100 | _a54 | ||
| 101 | _aman | ||
| 245 | 0 | 0 |
_aCost management : _cEdward J. Blocher ... [et al.]. |
| 504 | _aIncludes bibliographical references and index. | ||
| 906 |
_a7 _bcbc _corignew _d1 _eecip _f20 _gy-gencatlg |
||
| 942 |
_2ddc _cBK |
||
| 999 |
_c44915 _d44915 |
||